[Event "GBR-ch 95th"]
[Site "Liverpool"]
[Date "2008.07.28"]
[Round "1"]
[White "Lalic, Susan"]
[Black "Gormally, Daniel"]
[Result "0-1"]
[WhiteElo "2344"]
[BlackElo "2504"]
[Annotator "Martin,A"]
[PlyCount "104"]
[EventDate "2008.07.28"]
[EventType "swiss"]
[EventRounds "11"]
[EventCountry "ENG"]
[SourceTitle "CBM 125 Extra"]
[Source "ChessBase"]
[SourceDate "2008.09.01"]
[SourceVersion "1"]
[SourceVersionDate "2008.09.01"]
[SourceQuality "1"]

{Game of the day No1 goes to Danny Gormally for his flawless performance in a
Closed Sicilian.} 1. e4 c5 2. Nc3 Nc6 3. g3 g6 4. Bg2 Bg7 5. d3 d6 6. Be3 e5 7.
Nge2 Nge7 8. O-O (8. Qd2 {looks a little more flexible,possibly intending to
castle queenside.}) 8... O-O 9. Qd2 {White is content to develop her pieces
and await events, but Gormally has chosen a very effective counter to this
solid approach. Black occupies d4 at the right moment and can look forward to
the usual Sicilian counterplay with ...b7-b5 or ...f7-f5.} Nd4 $1 $11 10. f4
Bg4 (10... Rb8 11. h3 b5 {is a very decent alternative:} 12. Nd1 (12. Rf2 b4
13. Nd1 f5 $11) (12. a3 Be6 13. Rae1 Qd7 14. Kh2 f5 $11) 12... Be6 13. c3 Nxe2+
14. Qxe2 Qc7 15. Rc1 $5 (15. Nf2 $11) 15... Bxa2 16. f5 {Szekeres,R-Radnai,A/
Budapest 2003} gxf5 17. exf5 f6 18. Ra1 (18. b4 Bd5 19. Bxd5+ Nxd5 20. Qf3 Nxe3
21. Nxe3 Bh6 $13) 18... Bb3 $15) 11. Rae1 Qd7 12. Nc1 {White's short-term plan
is to get rid of the pesky knight on d4 by playng Nd1 and then c2-c3. It's all
rather slow. Gormally demonstrates complete equality with his incisive game
move.} Bh3 $1 (12... Rac8 13. Nd1 Bh3 14. f5 Bxg2 15. Qxg2 gxf5 16. c3 fxe4 17.
cxd4 cxd4 18. dxe4 dxe3 19. Nxe3 Bh6 $17 {Hansen,C-Smirin,I/Cap d'Agde 1996})
13. fxe5 dxe5 $11 14. Nd5 Nxd5 15. exd5 Bxg2 16. Qxg2 b6 17. c4 Nf5 {The
knight heads for the excellent d6 square. Gormally continues to play
thematically and accurately.} 18. Bd2 Nd6 19. Bc3 Rae8 20. b3 f5 $15 {The
problem for Susan is that she can't really do very much. Meanwhile, Black
begins to limber up on the kingside, where he holds a pawn majority.} 21. Ne2
g5 22. Kh1 e4 $1 23. d4 (23. Bxg7 Qxg7 24. dxe4 Rxe4 25. Rd1 Rfe8 26. Nc1 {
is still clearly better for Black ,but he has yet to break through.}) (23. dxe4
Rxe4 24. Bd2 Rfe8 25. Nc3 {seems like another decent try to claw back equality.
Susan is indecisive at this stage of the game and it costs her a share of the
point.}) 23... e3 24. dxc5 bxc5 25. Bxg7 Qxg7 26. Ng1 Re4 27. Rf3 Rfe8 28. Ne2
Qb2 (28... a5 $1 {cramping the queenside was also possible.}) 29. Qf1 (29. Ng1
e2 30. Rf2 Qxa2 31. Rfxe2 Qxb3 {is a clear-up of White pawns.}) 29... g4 30.
Rf4 Qd2 31. a3 a5 $1 32. a4 Rb8 33. Rd1 ({After} 33. Rxe4 Nxe4 34. Nc1 Re8 35.
Ne2 {Black wins with} Nf2+ 36. Kg1 Nh3+ 37. Kh1 Qc2 $1 38. d6 Qd2 39. Ra1 Nf2+
40. Kg1 Qxd6 {White is paralysed.}) 33... Qc2 34. Rc1 Qd3 35. Rc3 Rxf4 36. Qxf4
Qxe2 37. Rxe3 (37. Qg5+ Kf7 38. Qh5+ Ke7 39. Qxh7+ (39. Qg5+ Kd7 40. Qg7+ Kc8
41. Qf8+ Kb7 42. Qe7+ Ka8 $19) 39... Nf7 $19) 37... Qd1+ $19 38. Kg2 Qc2+ 39.
Kf1 Qc1+ 40. Kg2 Qb2+ 41. Kf1 Qc1+ 42. Kg2 Rf8 43. Qg5+ Kh8 44. Qe7 Qb2+ 45.
Re2 Qf6 46. Qxf6+ Rxf6 47. Re7 Ne4 48. Kf1 Rb6 49. Ke2 Rxb3 50. Re6 Kg7 51. d6
Rb7 52. Re5 Kf6 {This is the type of White system that is played frequently by
players who havent got a lot of time to look at chess. White just gets the men
out,has a ongoing plan of Bh6 and then f4 followed by a kingside attack.  Well,
this might win at lower levels but against Grandmasters something much more
specific is needed and this is why I liked this game so much. Gormally's play
was a model of how to play the Black side.} 0-1

[Event "Poikovsky Karpov 19th"]
[Site "Poikovsky"]
[Date "2018.06.02"]
[Round "6"]
[White "Artemiev, Vladislav"]
[Black "Kovalev, Vladislav"]
[Result "0-1"]
[WhiteElo "2704"]
[BlackElo "2650"]
[Annotator "Mekhitarian,K"]
[PlyCount "166"]
[EventDate "2018.05.27"]
[EventType "tourn"]
[EventRounds "9"]
[EventCountry "RUS"]
[EventCategory "18"]
[SourceTitle "CBM 185"]
[Source "ChessBase"]
[SourceDate "2018.07.13"]
[SourceVersion "1"]
[SourceVersionDate "2018.07.13"]
[SourceQuality "1"]

1. g3 Nf6 2. Bg2 c5 3. e4 {Artemiev is a 20-year old player who tends to be
really creative and chooses lines that aren't popular. Here he goes for the
old and good Closed Sicilian after starting the game with 1.g3!?. The same can
be said about Kovalev's style.} Nc6 4. Nc3 g6 5. d3 Bg7 6. Be3 d6 7. Nge2 O-O
8. O-O Rb8 {[%cal Re7c5] This Closed Sicilian pawn formation encourages Black
to gain more space on the queenside with ...Rb8 and ...b5.} 9. h3 {Meanwhile,
White plans to advance his kingside as well, creating a double-edged position.}
b5 10. Qd2 $1 {This is a typical move, White needs to find a square for the
c3-knight, at least a better one than a4.} (10. a3 $5 {would be similar, since
now ...b4 is not advisable for Black?} b4 $6 (10... a5 11. Qd2 {preparing Nd1,
as in the game}) 11. axb4 cxb4 {with a good pawn structure for White, and a
weak pawn on a7.} 12. Nd5 $14) 10... b4 11. Nd1 e5 (11... Nd7 $5 {is another
typical move.} 12. Bh6 Bxh6 13. Qxh6 Nd4 14. Qd2 (14. Nxd4 {immediately} cxd4 {
would be similar to our game.}) 14... e5 15. Ne3 Nf6 {[%csl Rd5]} 16. Kh2 Nh5
17. Nxd4 cxd4 18. Nc4 Be6 19. b3 Ng7 20. a3 a5 21. axb4 axb4 22. Ra4 Bxc4 23.
dxc4 Ne6 24. Rfa1 (24. Rxb4 $4 Qa5 $19) 24... Qb6 25. Ra6 Qc7 26. Ra7 Rb7 27.
Rxb7 Qxb7 28. Ra5 Nc5 $15 {½-½ (51) Vachier Lagrave,M (2745)-Dominguez Perez,
L (2754) Beijing 2013 Black once again was able to blockade successfully on c5,
achieving a preferrable endgame.}) 12. a3 a5 13. axb4 axb4 14. Bh6 $6 (14. Bg5
$5 {is a possible move, the problem is that White can not play Ne3 easily,
because then Black responds with ...h6! The same thing happens, if White tries
f4.}) (14. f4 $5 {would be standard as well.}) 14... Bxh6 $1 15. Qxh6 Nd4 {
Forcing the exchange on d4, that should be good for Black. Now Kovalev will
have good prospects on the c-file.} 16. Nxd4 (16. Qd2 $6 Bxh3 $1 {[%cal Rd4f3]}
17. Nxd4 Bxg2 18. Nc6 Qd7 19. Kxg2 (19. Nxb8 $4 Qh3 $19 {forcing mate!}) 19...
Qxc6 $17 {White has some compensation with Qh6 and Ne3, but it is hard to
believe that this is better than the game}) 16... cxd4 {[%cal Rc8c1] Now Black
has a clear plan increasing pressure on the c-file, meanwhile it is not clear
what is White supposed to do.} 17. Qd2 Qb6 18. Kh2 Kg7 19. f4 Bd7 20. b3 Ra8
21. Nb2 Rxa1 22. Rxa1 Qc5 23. Nc4 {The knight achieves a nice square, but
Black will be able to chop it off whenever he wants.} Bb5 24. fxe5 dxe5 25. Bf3
Rb8 26. Bd1 Bxc4 27. bxc4 Qc7 28. h4 h6 {[%cal Rf6d7,Rd7c5]} 29. Kg2 Nd7 30. h5
Nc5 $1 (30... g5 $6 {weakens too many squares around the king. Also, the
f-file will be very useful for Black soon.}) 31. hxg6 fxg6 32. Be2 Qe7 33. Ra5
Qc7 34. Ra1 Qe7 35. Ra5 h5 $1 $40 {Black starts a plan now to remove White's
last soldier, the g3-pawn.} 36. Qe1 Rf8 (36... h4 $5 37. gxh4 Ne6 $40) 37. Rb5
h4 38. gxh4 Ne6 39. Kg1 $2 (39. Bg4 $1 Nf4+ 40. Kg3 $1 Rh8 41. Qh1 {This would
be a very good defensive setup for White. First of all, ...Nh5+ is not
possible anymore, and the king on g3 helps keeping an eye on h4. It is not
easy for Black to invade here.}) 39... Nf4 40. Bf1 Ra8 (40... Nh5 $1 {Black
tries to bring everyone into the attack, starting with ...Rf4 next} 41. Bg2 (
41. Be2 Rf4 42. Bxh5 gxh5 $19) 41... Rf4 42. c5 Rg4 {[%cal Rh5f4]} 43. c6 Kh6 {
Typical move in such positions - Leave the king safe and go all-in!} 44. Rb7
Qe6 $1 45. Qxb4 Qf6 $1 46. Qe7 Qxe7 47. Rxe7 Nf4 {apparently, the game is over,
but:} 48. c4 $1 {still trying to survive (this move stops Black from playing ..
.Rxg2+ and ...Rxc2)} Rxg2+ 49. Kh1 Ra2 50. Rxe5 Nxd3 51. c7 Ra8 52. Rd5 Rc8 53.
Rxd4 Nc5 $19 {and Black has to win with precise play.}) 41. Qg3 $2 (41. Qf2 Ra1
42. Kh2 $13 {and White is holding on! It is important to play 41.Qf2, so the
bishop is not hanging, and the king can go to h2, from where the knight
doesn't look that deadly anymore. Once again, the king takes part in the
defence (you can see the analysis to White's 39th move).}) 41... Ra1 42. Qg4
Rc1 43. c5 Rxc2 44. Rxb4 Qf7 $1 45. Qg3 Rxc5 (45... Rc1 $1 {[%cal Rf4e2]
getting the 8th rank was very important} 46. Qf3 Qe7 $1 $19 {[%cal Re7h4] and
White has no hope.}) 46. Rb1 Rc2 47. Ra1 Qf6 $6 (47... Rg2+ $1 48. Qxg2 Nxg2
49. Kxg2 Qf4 $19 {has to be winning for Black, since h4 falls and there are
weaknesses everywhere. Perhaps Black missed it? because it's hard to believe
he didn't want to go into this position.}) 48. Kh1 $2 (48. Ra7+ $1 {was
forcing Black to go back a little bit:} Kh6 49. Ra6 $1 Ne6 $17 (49... Qxa6 $2 {
allows a perpetual check:} 50. Qg5+ Kg7 51. Qe7+ Kg8 52. Qe8+ Kg7 53. Qe7+ Kh6
54. Qg5+ Kg7)) 48... Nh5 49. Qg4 Kh6 50. Bg2 Qf4 51. Qxf4+ Nxf4 {We now enter
a hopeless and passive endgame for White, but there are a lot of emotions yet
to come!} 52. Bf3 Nxd3 53. Kg1 Rf2 (53... Rc1+ {perhaps was the easiest?} 54.
Rxc1 Nxc1 55. Kf2 g5 {with a clear technical win:} 56. hxg5+ Kxg5 {followed by
...Kf4. If White tries to stop with Kg3, then ...d3 wins right away:} 57. Kg3
d3 $19 {[%cal Gc1a2,Ga2c3] And whenever White brings the king to defend, ...
Kf4 will win easily. Once again, Kovalev misses a simplifying sequence.}) 54.
Bg2 Rd2 {Obviously, Black is still winning, but there was no need to keep the
rooks here.} 55. Ra5 Ne1 (55... Kh5 $1 56. Bf1 Nf4 57. Rxe5+ Kxh4 $19 {was
winning right away.}) 56. Bh1 Nd3 57. Bf3 Rc2 58. Rd5 Rc5 59. Rd6 {Now White
definitely doesn't want to exchange.} Rc1+ 60. Kh2 Nf4 61. Kg3 Rc3 62. Rb6 Nd3
63. Kh2 Nc5 64. Kg2 Re3 65. h5 Nd3 66. Rxg6+ Kh7 67. Rg3 Nf4+ (67... Ne1+ $1
68. Kf2 Nxf3 69. Rxf3 Rxe4 $19 (69... Rxf3+ $4 70. Kxf3 Kh6 71. Kg4 $1 {
even with the defended passed pawn on d4, Black can't make any progress:} d3
72. Kf3 Kxh5 73. Ke3 Kg4 74. Kxd3 Kf4 75. Kd2 Kxe4 76. Ke2 $11) 70. Rf7+ Kh6
71. Kf3 Re1 $1 $19) 68. Kf2 Kh6 $2 (68... Nd3+ {There was still time to go
back to ...Nd3+ and ...Ne1+.}) 69. Rg8 $2 (69. Bd1 $1 {boxing in the rook on
e3 would drastically change the outcome of the game:} Rxe4 (69... Rxg3 70. Kxg3
Nxh5+ 71. Kf3 $11 {would force a technical draw}) 70. Rg8 $1 Nd3+ 71. Kg2 Re1
72. Rg6+ Kh7 73. Bg4 $1 Nf4+ 74. Kf2 Rh1 75. Rd6 Nxh5 76. Kg2 Rh4 77. Kf3 Nf4
78. Bf5+ Kg7 79. Ke4 Ng6+ 80. Kd5 $11) 69... Nd3+ 70. Kg3 Ne1 71. Rg6+ Kh7 72.
Rf6 Kg7 73. Rf5 Nxf3 $1 {Now he goes for the correct endgame.} 74. Rxf3 Rxe4 {
And Black finally wins.} 75. Rf5 d3 76. Rf2 Re3+ 77. Kg4 Re2 78. Rf1 d2 79. Rd1
e4 80. Kg5 e3 81. h6+ Kh7 82. Ra1 Rg2+ 83. Kh5 e2 {And White finally resigns!}
0-1

[Event "Bundesliga 0304"]
[Site "Germany"]
[Date "2003.11.01"]
[Round "1.6"]
[White "Houska, Jovanka"]
[Black "Gallagher, Joseph G"]
[Result "0-1"]
[WhiteElo "2380"]
[BlackElo "2520"]
[Annotator "Meyer,CD/Gallagher"]
[PlyCount "82"]
[EventDate "2003.11.01"]
[EventType "team-tourn"]
[EventRounds "15"]
[EventCountry "GER"]
[SourceTitle "EXT 2004"]
[Source "ChessBase"]
[SourceDate "2003.11.25"]
[SourceVersion "1"]
[SourceVersionDate "2003.11.25"]
[SourceQuality "1"]
[WhiteTeam "Hofheim"]
[BlackTeam "Werder Bremen"]
[WhiteTeamCountry "GER"]
[BlackTeamCountry "GER"]

{"BEATING THE ANTI-SICILIAN!" (Blockadespringer plus 2. Reihe, vorbildliche
Technik)} 1. e4 c5 2. Nc3 Nc6 3. g3 g6 4. Bg2 Bg7 5. d3 d6 6. Be3 Nf6 7. h3 O-O
8. Nge2 Rb8 9. O-O $6 ({Ungenau, da Schwarz sofort ...b5 ziehen kann. Besser
ist} 9. f4 {, z.B.} Bd7 (9... b5 $4 10. e5) {mit komplizierter Stellung und
Chancen für beide Seiten:} 10. O-O b5 11. Qd2 (11. a3 Ne8 12. d4 cxd4 13. Nxd4
b4 14. Nxc6 Bxc6 15. axb4 Rxb4 16. Rxa7 Rxb2 $11 {, Spassky - Fischer, Sveti
Stefan/Belgrade 1992}) 11... b4 12. Nd1 Qc8 $5 13. f5 Ne5 14. g4 h5 15. g5 Nh7
16. Nf4 $1 gxf5 (16... Re8) 17. Nxh5 Bh8 18. exf5 Bxf5 {, und das Spiel ist
nach wie vor unklar, Analyse (auszugsweise) aus D. Rogozenko's "Anti-Sicilians/
A Guide for Black", Gambit 2003}) 9... b5 10. Qd2 b4 11. Nd1 a5 {[#]} 12. Kh2 (
12. Bh6 $6 Bxh6 13. Qxh6 Nd4 $1 14. Nxd4 (14. Qd2 Bxh3 $1 15. Nxd4 Bxg2 16. Nc6
Qc7 17. Nxe7+ Qxe7 18. Kxg2 d5 $15) 14... cxd4 15. f4 $2 (15. c3) 15... Rb5 $1
16. g4 Qc7 17. Rc1 Rc5 18. Rf2 Bxg4 $1 19. hxg4 Nxg4 20. Qh4 Nxf2 21. Nxf2 Rxc2
$17 {, Emms - S.B. Hansen, Bundesliga 2001/2, 0:1/34}) 12... Qc7 $5 13. Bh6 $6
({Auch hier sollte Weiß auf diese Standardidee verzichten und sich mit} 13. f4
e6 14. a3 {und etwa gleichen Aussichten bescheiden.}) 13... Bxh6 14. Qxh6 Nd4
15. Qd2 d5 $1 {Schwarz reißt die Initiative an sich.} 16. Nxd4 $6 {Erstens
steht nun der Nd1 kläglich, zweitens erhält Schwarz so noch Druck über die
halboffene c-Linie.} ({Vorzuziehen war} 16. exd5 $15 {. Falls} Bxh3 $5 {so} 17.
Kxh3 Qe5 {, z.B.:} 18. Be4 (18. g4 Qxe2 19. Qxe2 Nxe2 20. f4) (18. Nf4 g5 19.
Be4) 18... Qh5+ 19. Kg2 Nxe4 20. dxe4 Qf3+ 21. Kh2 Nxe2 22. Qd3 {, und jeweils
scheint es, daß die Chancen des Schwarzen nur geringfügig besser sind.}) 16...
cxd4 17. f4 dxe4 18. dxe4 Ba6 {[#]} 19. Re1 $2 ({Durch diese Ungenauigkeit
gerät Weiß eindeutig ins Hintertreffen. Die ohnehin schon schwierige
Verteidigung war relativ besser mit} 19. Rf2 $5 {zu organisieren, z.B.:} Rfd8
$5 (19... e5 20. fxe5 (20. a3 Nh5 21. f5) 20... Qxe5 21. Qf4 Qxf4 (21... Nd7
22. Rd2 Rbd8 23. Nf2) 22. gxf4 (22. Rxf4 Nd7 23. e5 Nxe5 24. Rxd4 Bb7 25. Ne3)
22... Rbc8 23. e5 Nh5 24. a3 $132 {ist letztlich doch unergiebig für Schwarz.})
20. a3 $132 (20. e5 Nd5 $1 21. a3 $6 bxa3 22. Rxa3 Nb4 23. Ra1 d3 24. cxd3 Nxd3
) 20... Bb7 (20... b3 21. e5 Nd5 22. cxb3 Rxb3 23. Rc1 Qb6 24. f5) 21. axb4
axb4 22. Qd3 $15 {und Weiß leistet zähen Widerstand}) 19... e5 $1 $17 20. Nf2 (
20. a3 {stört Schwarz jetzt kaum noch:} Rfc8 ({oder auch} 20... exf4 21. gxf4
Nh5 22. e5 Bb7 23. Bxb7 Rxb7 $17) 21. fxe5 (21. axb4 Qxc2 22. Qxc2 Rxc2 23.
Rxa5 (23. fxe5 Nd7 $17) 23... Bb5 24. fxe5 (24. Kg1 Nh5) 24... Nd7 $17) 21...
Qxe5 22. axb4 Nh5 23. Ra3 d3 $17) 20... Rfc8 21. Rac1 Rb6 22. Nd3 Bxd3 23. cxd3
Rc6 24. Rxc6 (24. fxe5 Ng4+ $1 (24... Rxc1 $4 25. exf6)) 24... Qxc6 25. fxe5
Nd7 26. Qf4 (26. Qf2 Qc5 27. e6 fxe6 28. Rf1 Ne5 $1 29. Qf6 Qd6 $17) 26... Qe6
27. Qf2 Nxe5 $1 ({Besetzt das von langer Hand angestrebte, ideale Blockadefeld.
Nicht so stark wäre} 27... Qxe5 {, z.B.} 28. Rf1 f6 29. h4 Rc6 30. Bh3 Nc5 31.
Qc2) 28. Qxd4 Rc2 {[#] Nach diesem Einbruch auf der zweiten Reihe bricht die
weiße Stellung allmählich zusammen. Seinen Vorteil verdichtet GM Gallagher nun
mit vorbildlicher Technik.} 29. Rf1 ({Weiß kann nur zwischen den Übeln wählen:
} 29. Kg1 {(29.Kh1?? Nf3!-+)} Rd2 (29... Qxh3 $2 30. Qd8+ Kg7 31. Bxh3 Nf3+ 32.
Kf1 Nh2+ $11) (29... Nf3+ $4 30. Bxf3 Qxh3 31. Qd8+ Kg7 32. Qh4) 30. Qd8+ (30.
Rf1 Rxd3 31. Qa7 Rxg3 32. Qxa5 Qxh3 (32... Qe7 $17) 33. Qd8+ Kg7 34. Qf6+ Kh6
35. Qf4+ g5 36. Qf6+ Ng6 37. Rf2 Qe6 $17) 30... Kg7 31. d4 Qc4 $1 32. Qd5 Qxd4+
33. Qxd4 Rxd4 34. Re2 Rd3 $17) (29. Qd8+ Kg7 30. Qd4 Qf6 31. Kh1 Qg5 32. g4 Qf4
33. Rf1 Qg3 34. Rg1 Rd2 $19) 29... Nc6 $1 30. Qd5 Rxb2 31. Rc1 Ne5 32. Kh1 (32.
Qd8+ Kg7 33. Qd4 Qf6 {/Rd2 und jeweils} 34. Kh1 Rxa2 $19) (32. d4 Nf3+ 33. Kh1
Qxh3+ 34. Bxh3 Rh2#) 32... Qxd5 33. exd5 Rxa2 {[#]} 34. d6 ({Auch nach} 34. d4
Nd7 35. Rc7 Nf6 {(oder auch ...Nf8) ist keine Rettung in Sicht:} 36. Rb7 (36.
d6 b3 37. d7 Nxd7 38. Rxd7 Ra1+ 39. Kh2 b2 40. Be4 a4 41. Rb7 a3 42. Rb3 (42.
Kg2 a2 $19) 42... Re1 43. Rxa3 Rxe4 44. Rb3 Re2+ 45. Kg1 Re1+ 46. Kf2 b1=Q $19)
36... Rd2 37. Rb5 a4 38. Rxb4 a3 39. Ra4 a2 $19) 34... b3 35. Bd5 Rc2 $1 $19
36. Rf1 b2 37. Ba2 Kf8 38. d4 Rc1 39. Kg2 Rxf1 40. Kxf1 Nc4 41. Ke2 Na3 0-1

[Event "ISR-ch op"]
[Site "Tel Aviv"]
[Date "1997.04.24"]
[Round "7"]
[White "Uritzky, Maxim"]
[Black "Tsesarsky, Ilya"]
[Result "0-1"]
[WhiteElo "2460"]
[BlackElo "2390"]
[Annotator "Tsesarsky,I"]
[PlyCount "144"]
[EventDate "1997.??.??"]
[EventType "swiss"]
[EventRounds "7"]
[EventCountry "ISR"]
[SourceTitle "CBM 058"]
[Source "ChessBase"]
[SourceDate "1997.06.01"]
[SourceVersion "1"]
[SourceVersionDate "1997.06.01"]
[SourceQuality "1"]

1. e4 c5 2. Nc3 Nc6 3. g3 g6 4. Bg2 Bg7 5. d3 Rb8 6. Be3 b5 7. Qd2 (7. Bxc5 b4
8. Nce2 (8. Na4 Qa5 9. b3 d6 10. Be3 Bxa1 11. Qxa1 e5 12. Ne2 Nge7 $15) 8...
Bxb2 9. Rb1 Bg7 $15) 7... b4 8. Nd1 d6 9. Ne2 Nd4 10. O-O e5 11. c3 $146 (11.
Nc1 Ne7 12. c3 bxc3 13. bxc3 Ne6 14. Bh6 O-O 15. Bxg7 Kxg7 16. f4 exf4 17. gxf4
f5 $15 {1-0 Ramik,Z-Brigljevic,M/Prague T7 1990 (32)}) (11. f4 Bg4 $1 (11...
exf4 $5 12. Bxd4 cxd4 13. Qxf4 Be6 14. Qf2 Qb6 15. Nf4 Nf6 16. a3 $16) 12. Nc1
Ne7 (12... exf4 13. Bxf4 Bxd1 14. Qxd1 Ne7 $11 {0-1 Kveliashvili,T-Havranek,M/
Decin op 1996 (39)}) (12... Qc8 13. c3 Nc6 14. f5 gxf5 15. exf5 Nce7 16. f6
Bxf6 17. d4 bxc3 18. bxc3 cxd4 19. cxd4 exd4 20. Bxd4 Bxd4+ 21. Qxd4 Qc5 22.
Qxc5 dxc5 $17 {0-1 Alonso,T-Teran Alvarez,I/ESP-chT 1995 (38)}) 13. c3 Bxd1 14.
Qxd1 bxc3 15. bxc3 exf4 16. gxf4 Nb5 17. Qa4 O-O 18. Ne2 Nxc3 19. Nxc3 Bxc3 20.
Rac1 Rb4 $17 {0-1 Boog,A-Breyther,R/Bern op 1993 (40)}) 11... bxc3 12. bxc3
Nxe2+ 13. Qxe2 Ne7 $11 14. f4 exf4 15. Bxf4 O-O 16. Qd2 Nc6 17. Kh1 Ne5 $15 18.
Nf2 (18. d4 cxd4 19. cxd4 Nc6 20. Be3 Ba6 21. Rf2 Nb4 22. Nb2 Qa5 $11) (18. Ne3
Ba6 19. c4 Nc6 $17) 18... Ba6 (18... f5 19. Rab1 Bb7 20. d4 cxd4 21. cxd4 Nc4
22. Qc3 Nb6 $11) 19. Rab1 Qa5 (19... Qc7 20. Rb3 Rb6 21. Rfb1 Rfb8 $132) 20.
Rb3 Rxb3 (20... Rb6 $5) 21. axb3 Rb8 22. Rb1 Bc8 $5 (22... Qb5 $5 23. d4 cxd4
24. cxd4 Nc4 25. Qd1 Qb6 26. Ra1 Na5 27. Bxd6 Qxd6 28. Rxa5 Qxd4 29. Qxd4 Bxd4
30. Rxa6 Bxf2 31. Ra2 Be3 (31... Bd4 32. Ra4 Rxb3 33. Rxd4 Rb1+ 34. Bf1 Rxf1+
35. Kg2 Ra1 $17) 32. Rb2 a5 33. Bf1 a4 34. Bc4 a3 35. Ra2 Bc1 $17) 23. Qc1 Qa2
24. Rb2 Qa3 25. Rb1 Qxc1+ 26. Bxc1 Be6 $6 (26... a5 $1 27. Bf4 a4 28. b4 a3 $1
$17 29. h4 (29. b5 a2 30. Ra1 Rxb5 $19) 29... cxb4 30. cxb4 Be6) 27. d4 cxd4
28. cxd4 Nc4 29. d5 Bd7 30. Bf1 Ne5 31. b4 Bb5 32. Bxb5 (32. Be3 $142 Bxf1 33.
Rxf1 a6 (33... Rxb4 34. Bxa7 $15) 34. Rb1 Rb5 35. Kg2 a5 36. Rc1 axb4 37. Rc8+
Bf8 38. Bh6 Nd7 39. Ng4 f5 40. exf5 b3 41. f6 (41. Rc7 Bxh6 42. Rxd7 Bg5 (42...
Bg7 43. Rd8+ Kf7 (43... Bf8 44. Rd7 Bg7 $11) 44. Rd7+ Ke8 45. Rxg7 b2 $19))
41... Kf7 42. Bxf8 b2 $1 (42... Nxf8 43. Rc7+ Ke8 44. Nh6 Kd8 (44... b2 45. Nf7
$18) 45. Re7 b2 46. Nf7+ Kc8 47. Nxd6+ Kd8 48. Nb7+ Kc8 49. Nd6+ Kd8 $11 (49...
Kb8 50. Re8+ Kc7 51. Nxb5+ Kd7 52. Re1 $18)) 43. Bg7 g5 $19 (43... b1=Q 44.
Nh6#)) 32... Rxb5 33. Be3 a5 $1 34. Rc1 (34. Bd2 Nc4 35. Be1 Bd4 36. Nd3 a4 37.
Rc1 a3 38. Rxc4 a2 39. Rc1 a1=Q 40. Rxa1 Bxa1 $17) 34... axb4 $1 $19 35. Rc8+
Bf8 36. Bh6 Nd7 37. Ng4 f5 $1 38. exf5 b3 39. fxg6 (39. Bxf8 Nxf8 (39... b2 40.
Nh6+ Kh8 41. Nf7+ Kg8 42. Nh6+ Kh8 $11) 40. f6 h5 $19) 39... hxg6 40. Bc1 b2 $6
$138 (40... Rc5 41. Rxc5 dxc5 $19) (40... Rxd5 $19) 41. Bxb2 Rxb2 42. Rc7 Rb4
$8 43. h3 Rxg4 44. hxg4 Nf6 45. g5 Nxd5 46. Ra7 Be7 47. Kg2 Kf7 (47... Bxg5 48.
Ra5 Ne3+ 49. Kf3 d5 50. Ra7 Kf8 51. Rc7 Nf5 52. Rd7 Ne7 $19) 48. Kf3 Ke6 49.
Kg4 Nb6 50. Ra2 Nd7 51. Re2+ Ne5+ 52. Kf4 Bd8 53. Re1 Ba5 54. Re2 Kd5 55. Ra2
Bb4 56. Re2 Bc3 57. Rc2 Kd4 58. Re2 Kd5 59. Rc2 Bb4 60. Ra2 Nc4 61. Kg4 Bd2 62.
Ra8 Ke4 63. Kh3 Bxg5 64. Kg2 d5 65. Ra4 Be3 66. Rb4 g5 67. Ra4 Kd3 68. Kf1 d4
69. Ke1 Nd6 70. g4 Nc4 71. Ra8 Ne5 72. Re8 Nxg4 0-1